000 nam a22 7a 4500
999 _c51484
_d51484
003 OSt
005 20220331102450.0
008 220331b xxu||||| |||| 00| 0 eng d
040 _cIIMT UNIVERSITY MEERUT
100 _aICAR
245 _aAGRICULTUREL TECHNOLOGIES NATURAL ROSOURCE MANAGEMENT
260 _aNEW DELHI
_bICAR
_c2014
300 _a110
942 _2ddc
_c06